000 00709nab a2200253 a 4500
001 60611
003 132646
005 20201118105737.0
008 ||||||n9999 ||| || ||
041 _aspa
100 _aSpecter, Arlen
245 0 _aJuzgar a Clinton pero mas adelante :
_babandonar el juicio politico y luego juzgarlo como a cualquier otra persona
260 _aMéxico :
_bVision Incorporated,
_c1998.
300 _app.12
562 _e0
650 _aARTICULOS
650 _aCONTEXTO POLITICO
650 _aESTADOS UNIDOS
650 _aIMPACTO POLITICO
650 _aJUICIOS POLITICOS
650 _aPRESIDENTES
773 _059603
_aVision - Vol.91 No.12 (1998)
942 _cSART
999 _c60611
_d60611